What is the use of QSs? (Record no. 66572)
[ view plain ]
| 000 -LEADER | |
|---|---|
| fixed length control field | 01339cam a2200229 4500 |
| 001 - CONTROL NUMBER | |
| control field | ABS63629 |
| 008 - FIXED-LENGTH DATA ELEMENTS--GENERAL INFORMATION | |
| fixed length control field | 000000n2001 000 0 eng u |
| 035 ## - SYSTEM CONTROL NUMBER | |
| System control number | (Sirsi) u111738 |
| 100 ## - MAIN ENTRY--PERSONAL NAME | |
| Personal name | Yule, I. |
| 245 ## - TITLE STATEMENT | |
| Title | What is the use of QSs? |
| 260 ## - PUBLICATION, DISTRIBUTION, ETC. | |
| Date of publication, distribution, etc. | 2001 |
| 490 ## - SERIES STATEMENT | |
| Series statement | Building |
| Volume/sequential designation | 266(8177) 23 March 2001, 50-51(2) |
| 520 ## - SUMMARY, ETC. | |
| Summary, etc. | The general public is largely unaware of the work carried out by Quantity Surveyors (QSs). Describes three valuable roles played by the quantity surveyor in the legal arena - in the world of disputes. Firstly, considers how QSs' work with lawyers as expert witnesses before judges or arbitrators. Secondly, looks at the assistance they provide to lawyers in the preparation of claims. Thirdly, considers how QSs have fared in their role as arbitrators and adjudicators. Some commentators suggest the traditional role of the QS will eventually disappear, and they will instead be called management consultants specialising in construction. |
| 590 ## - LOCAL NOTE (RLIN) | |
| Local note | ABS |
| 650 ## - SUBJECT ADDED ENTRY--TOPICAL TERM | |
| Topical term or geographic name entry element | QUANTITY SURVEYORS |
| 650 ## - SUBJECT ADDED ENTRY--TOPICAL TERM | |
| Topical term or geographic name entry element | DISPUTE RESOLUTION |
| 9 (RLIN) | 6236 |
| 650 ## - SUBJECT ADDED ENTRY--TOPICAL TERM | |
| Topical term or geographic name entry element | EXPERT WITNESSES |
| 650 ## - SUBJECT ADDED ENTRY--TOPICAL TERM | |
| Topical term or geographic name entry element | ARBITRATORS |
| 650 ## - SUBJECT ADDED ENTRY--TOPICAL TERM | |
| Topical term or geographic name entry element | MANAGEMENT-DISPUTE AVOIDANCE, MANAGEMENT AND RESOLUTION-DISPUTE MANAGEMENT AND RESOLUTION-ALTERNATIVE DISPUTE RESOLUTION-ADJUDICATION-ADJUDICATORS |
| 690 ## - LOCAL SUBJECT ADDED ENTRY--TOPICAL TERM (OCLC, RLIN) | |
| Topical term or geographic name as entry element | BUILT ENVIRONMENT |
| 942 ## - ADDED ENTRY ELEMENTS (KOHA) | |
| Suppress in OPAC | 0 |
| Withdrawn status | Lost status | Source of classification or shelving scheme | Damaged status | Not for loan | Home library | Current library | Shelving location | Date acquired | Total Checkouts | Full call number | Barcode | Date last seen | Copy number | Price effective from | Koha item type |
|---|---|---|---|---|---|---|---|---|---|---|---|---|---|---|---|
| Dewey Decimal Classification | London | London | Journal article | 02/04/2001 | ABS63629 | 111738-1001 | 06/08/2019 | 1 | 06/08/2019 | Journal article |